Trois leçons sur l’État providence Gosta ESPING-ANDERSEN, avec Bruno PALIER, Paris, Éditions du Seuil,, 134 p. (notice n° 1589509)

détails MARC
000 -LEADER
fixed length control field 02286cam a2200169 4500500
005 - DATE AND TIME OF LATEST TRANSACTION
control field 20251228064207.0
041 ## - LANGUAGE CODE
Language code of text/sound track or separate title fre
042 ## - AUTHENTICATION CODE
Authentication code dc
100 10 - MAIN ENTRY--PERSONAL NAME
Personal name Vanlierde, Sabrina
Relator term author
245 00 - TITLE STATEMENT
Title Trois leçons sur l’État providence Gosta ESPING-ANDERSEN, avec Bruno PALIER, Paris, Éditions du Seuil,, 134 p.
260 ## - PUBLICATION, DISTRIBUTION, ETC.
Date of publication, distribution, etc. 2008.<br/>
500 ## - GENERAL NOTE
General note 24
520 ## - SUMMARY, ETC.
Summary, etc. Les questions démographiques ont donné lieu et peuvent encore donner lieu en France à des débats vigoureux, comme en témoigne la «querelle de l’Ined» au début des années 1990, mais aussi à des articles présentant les réalités démographiques de façon tendancieuse ou même fantaisiste. Cet article donne quelques exemples portant sur les questions de la longévité humaine, de la fécondité et de la taille de la population française. Ces mauvais chiffres ont pollué et obscurci le débat social autour de la question du vieillissement de la population. Depuis quelques années, il semble cependant que ces questions démographiques soient abordées par les spécialistes du domaine de façon plus raisonnée. L’auteur, impliqué par le passé dans des critiques à l’égard de l’Ined, fait donc ici le point sur ces questions avec l’espoir que de telles erreurs ne se reproduisent plus.
520 ## - SUMMARY, ETC.
Summary, etc. THE WRONG USAGE OF THE WRONG FIGURES in the Debate About Population Ageing Population issues have sparked and still have the potential to spark heated debates in France – witness the Ined controversy over fertility data in the early 1990s – as well as articles that present population trends in a tendentious or even fanciful way. This paper gives several examples relating to human longevity, fertility and the size of the French population. Wrong data have polluted and obscured the social debate on the issue of population ageing. In recent years, however, specialists seem to have taken a more reasonable approach to these population issues. The author, involved in past criticism of Ined, reviews these issues here in the hope that these kinds of mistakes will not be repeated.
786 0# - DATA SOURCE ENTRY
Note Retraite et société | 55 | 3 | 2008-11-10 | p. 180c-198c | 1167-4687
856 41 - ELECTRONIC LOCATION AND ACCESS
Uniform Resource Identifier <a href="https://shs.cairn.info/revue-retraite-et-societe1-2008-3-page-180c?lang=fr&redirect-ssocas=7080">https://shs.cairn.info/revue-retraite-et-societe1-2008-3-page-180c?lang=fr&redirect-ssocas=7080</a>

Pas d'exemplaire disponible.

PLUDOC

PLUDOC est la plateforme unique et centralisée de gestion des bibliothèques physiques et numériques de Guinée administré par le CEDUST. Elle est la plus grande base de données de ressources documentaires pour les Étudiants, Enseignants chercheurs et Chercheurs de Guinée.

Adresse

627 919 101/664 919 101

25 boulevard du commerce
Kaloum, Conakry, Guinée

Réseaux sociaux

Powered by Netsen Group @ 2025